| 000 | 00753nam a22002177a 4500 | ||
|---|---|---|---|
| 999 |
_c14933 _d14933 |
||
| 003 | MIRAKIL | ||
| 005 | 20220621155228.0 | ||
| 008 | 220621b tu ||||| |||| 00| 0 tur d | ||
| 020 | _a9786059507509 | ||
| 040 |
_aTR-AnCHP _cTR-AnCHP |
||
| 041 | _atur | ||
| 082 |
_a297. 7525092 _bH21 2022 |
||
| 245 | 1 | 0 |
_aHac'ı Bektaş' Veli: _bHayatı ve dönemi üzerine metinler/ _cYayına Hazırlayanlar: Bülent Bilmez, Serhat Bozkurt |
| 260 |
_aİstanbul: _bİstanbul Büyükşehir Belediyesi, _c2022. |
||
| 300 |
_a343 s.: _bres. _c28 sm. |
||
| 504 | _aKaynakça vardır. | ||
| 600 | 0 |
_97120 _aHacı Bektaş-ı Veli, _d1209-1271 _xYaşamöyküsü |
|
| 700 |
_95829 _aBilmez, Bülent _eyay. haz. |
||
| 700 |
_97119 _aBozkurt, Serhat _eyay.haz. |
||
| 942 |
_2ddc _cBKS |
||